The information machines their impact on men and the media

Bibliographic Details
Main Author: Bagdikian, Ben H.
Format: Book
Published: New York : Harper Tourchbooks , 1971
Subjects:

MARC

LEADER 00000cam a2200000 7i4500
001 0000001795
005 20050420.0
040 |a INS 
090 0 0 |a P90.   |b H3 1971 
100 1 |a Bagdikian, Ben H. 
245 1 4 |a The information machines their impact on men and the media   |c Ben H. Bagdikian 
260 |a New York :   |b Harper Tourchbooks ,   |c 1971 
300 |a 359 p ;   |c 20 cm. 
650 0 0 |a Communication 
650 0 0 |a Mass media 
999 |a 0000003766   |b BOOK   |c Open Shelf   |e Default branch